Guess The Country Based Off Its 3rd Largest City - Statistics

General Stats
  • This quiz has been taken 15 times
  • The average score is 18 of 28
Answer Stats
Hint Answer % Correct
Brisbane Australia
100%
Beijing China
100%
Munich Germany
100%
Novosibirsk Russia
100%
Mecca Saudi Arabia
100%
Chicago United States of America
100%
Ghent Belgium
93%
Wrocław Poland
93%
Bengaluru India
86%
Faisalabad Pakistan
86%
Durban South Africa
86%
Isfahan Iran
79%
Hai Phong Vietnam
79%
Linz Austria
71%
Patras Greece
71%
Bandung Indonesia
71%
Antofagasta Chile
64%
Odense Denmark
64%
Iași Romania
57%
Shymkent Kazakhstan
50%
Cuenca Ecuador
43%
Celje Slovenia
36%
Mount Hagen Papua New Guinea
21%
Nampula Mozambique
14%
Vanadzor Armenia
7%
Tamale Ghana
7%
Pakse Laos
7%
Darkhan Mongolia
7%
No matching quizzes found
Score Distribution
Percent of People with Each Score
Percentile by Number Answered
Your Score History
You have not taken this quiz